书目信息 |
| 题名: |
导游韩国语
|
|
| 作者: | 苗春梅 主编 | |
| 分册: | ||
| 出版信息: | 北京 旅游教育出版社 2003 |
|
| 页数: | 208页 | |
| 开本: | 20cm | |
| 丛书名: | 导游外语系列丛书 | |
| 单 册: | ||
| 中图分类: | H55 | |
| 科图分类: | ||
| 主题词: | 导游--朝鲜语 | |
| 电子资源: | ||
| ISBN: | 7-5637-1106-6 | |
| 000 | 00797oam2 2200241 45 | |
| 001 | 002640195 | |
| 005 | 20050415091319.2 | |
| 010 | @a7-5637-1106-6@dCNY18.00 | |
| 100 | @a20030625d2003 em y0chiy0110 ea | |
| 101 | 0 | @achi@akor |
| 102 | @aCN@b110000 | |
| 105 | @ay z 000yy | |
| 200 | 1 | @a导游韩国语@Adao you han guo yu@f苗春梅主编@FMiao Chun Mei Zhu Bian |
| 210 | @a北京@c旅游教育出版社@d2003 | |
| 215 | @a208页@d20cm | |
| 225 | 2 | @a导游外语系列丛书 |
| 330 | @a本书对韩国语导游知识进行介绍,对涉及中国国情、地理、历史、文化、民族、宗教、物产、风景名胜等的内容设计情景对话、给出口语化表达范例。 | |
| 410 | @1001002418313@1@12001 @a导游外语系列丛书 | |
| 606 | 0 | @a导游@x朝鲜语 |
| 690 | @aH55@v4 | |
| 701 | 0 | @a苗春梅@4主编 |
| 801 | 0 | @aCN@bNLC@c20040528 |
| 905 | @b350020-024@dH55@e4@f5 | |
| 导游韩国语/苗春梅主编.-北京:旅游教育出版社,2003 |
| 208页;20cm.-(导游外语系列丛书) |
| ISBN 7-5637-1106-6:CNY18.00 |
| 本书对韩国语导游知识进行介绍,对涉及中国国情、地理、历史、文化、民族、宗教、物产、风景名胜等的内容设计情景对话、给出口语化表达范例。 |
| ● |
| 相关链接 |
|
|
|
|
正题名:导游韩国语
索取号:H55/4
 
预约/预借
| 序号 | 登录号 | 条形码 | 馆藏地/架位号 | 状态 | 备注 |
| 1 | 0350020 | 3500205 | 第二样本阅览室/ [索取号:H55/4] | 在馆 | |
| 2 | 0350021 | 3500214 | 第四借阅区/ [索取号:H55/4] | 在馆 | |
| 3 | 0350022 | 3500223 | 第四借阅区/ [索取号:H55/4] | 在馆 | |
| 4 | 0350023 | 3500232 | 第四借阅区/ [索取号:H55/4] | 在馆 | |
| 5 | 0350024 | 3500241 | 第四借阅区/ [索取号:H55/4] | 在馆 |